| 000 | 00367nam a2200121Ia 4500 | ||
|---|---|---|---|
| 008 | 210430s9999 xx 000 0 und d | ||
| 082 | _a510P9621P | ||
| 100 | _aQ.Mushtaq&M.Ashiq | ||
| 245 |
_aProceeding of 4th Interanational Pure Mathmatics Conference 2003 _cQ.Mushtaq&M.Ashiq |
||
| 260 |
_aRawelpindi _bQ.Mushtaq&M.Ashiq _c2003 |
||
| 300 | _a142p | ||
| 942 |
_cBK _2ddc |
||
| 999 |
_c564456 _d564456 |
||